1819 1794 1126 1512 1810 1845 1541 1524 1913 1730 1556 1395 1228 1584 1387 1936 1351 1882 1334 1566 1324 1409 1741 1938 1783 1596 1413 1509 1498 1607 1078 1092 1273 1907 1367 1750 1883 1557 1092 1277 1162 1214 1864 1216 1816 1247 1366 1323 1313 1245 1703 1371 1154 1209 1423 1122 1359 1160 1059 1584 1200 1770 1171 1204 1322 1164 1445 1610 1464 1846 1305 1473 1304 1887 1010 1239 1302 1778 1101 1957 1432 1448 1656 1476 1877 1007 1290 1847 1113 1959 1203 1336 1207 1979 1095 1732 1056 1404 1237 BCNSPRNW ULIB Ver.6.0+V

เปลี่ยนเป็นภาษาไทย

Change to English
 แสดงรายละเอียดบรรณานุกรม
  กลับหน้าหลัก

Brief Record : Get Marc (ISO 2709) : E-mail record : QR code < ปิดหน้าต่าง
LEADER : 00000nam 2200000uu 4500
001    13399121066
003     ULIB
008    121101s2550||||th 000 0 tha d
020    ^a9789742131296
050  4 ^aHA32^bย351ว
100 0  ^aยุทธ ไกยวรรณ์
245 10 ^aวิเคราะห์ข้อมูลวิจัย 2 =^bStep by step SPSS 2 /^cยุทธ ไกรวรรณ
246 31 ^aStep by step SPSS 2
260    ^aกรุงเทพฯ :^bศูนย์สื่อเสริมกรุงเทพ,^c2550
300    ^a172 หน้า :^bภาพประกอบ ;^c26 ซม.
650  4 ^aเอสพีเอสเอส (โปรแกรมคอมพิวเตอร์)
650  4 ^aเอสพีเอสเอสสำหรับวินโดวส์
650  4 ^aสถิติ^xการประมวลผลข้อมูล
650  4 ^aสถิติ^xโปรแกรมคอมพิวเตอร์
945    ^p135^l0^i15146
995    ^aทศพร
999    ^aทศพร เกษรทอง
รายการนี้ยังไม่มีแท็ก
คุณยังไม่ได้ล็อกอิน คุณสามารถมีกิจกรรมร่วมกับเว็บไซต์ได้ แต่ต้องล็อกอินก่อน ::
  ล็อกอิน

รายการสื่อสารสนเทศ

ลำดับที่ ประเภท เลขเรียก/บาร์โค้ด สถานที่ สถานะ
1. วิทยาศาสตร์การแพทย์ และสุขภาพ
วิทยาศาสตร์การแพทย์ และสุขภาพ
HA32 ย351ว ฉ.1 
  Barcode: 15146
ห้องสมุดวิทยาเขตสวรรค์ประชารักษ์
►หนังสือทั่วไป
บนชั้น

รายการใกล้เคียง
    ผู้แต่ง [ยุทธ ไกยวรรณ์]

    หัวเรื่อง [เอสพีเอสเอส (โปรแกรมคอมพิวเตอร์)]
    หัวเรื่อง [เอสพีเอสเอสสำหรับวินโดวส์]

BibComment


ยังไม่เคยถูกคอมเมนท์

คอมเมนท์ทรัพยากรรายการนี้
  คอมเมนท์: วิเคราะห์ข้อมูลว..


 Copyright 2026. Bcnsprnw @Library